000 00955nam a2200229 a 4500
999 _c3513
_d3513
005 20191217041801.0
008 140122b2003 ck ||||| |||| 00| 0 spa d
040 _cCO-BoIH
_aCO-BoIAVH
041 _aspa
044 _ack
090 _aIAVH
_b00238
100 1 _aForero Medina, Germán
245 1 _aAbundancia, estructura de la población y observaciones sobre historia natural de la tortuga "swanka" Kinosternon scorpioides albogulare en la Isla de San Andrés, Colombia. Informe final de pasantía.
260 _aBogotá:
_bInstituto de Investigación de Recursos Biológicos Alexander von Humboldt,
_c2003.
300 _a38 páginas
500 _aPrograma de becas para la conservación de especias amenazadas del Instituto Humboldt.
650 1 6 _aTortugas
_zColombia
700 1 _aCastaño Mora, Olga Victoria
_eDirectora
700 1 _aMontenegro, Olga
_eCo-directora
942 _cINFORME
_2z
_01
945 _d2003-11-13